000 00539nam a22002177a 4500
001 63738
003 UA-OsUOA
005 20211020212220.0
007 ta
008 20091019b un ||||| |||| 00| 0 ukr d
040 _aUA-OsUOA
_brus
_cUA-OsUOA
_dUA-OsUOA
041 _arus
080 _a94(470+571)
090 _a94(470+571)
_bВ11
245 _aВ дни великого сражения
_cКлейнман М. Я.
260 _aМ.
_c1958
300 _a264 с.
650 7 _a94 Історія
_2UDC
942 _cBK
_2udc
955 _a2
999 _c349781
_d349781